{"text_format":"2","workbook":"xlsx","n_sheets":4,"sheets":["ORÇAMENTO","CPU","BDI SERV","CRONOGRAMA"],"not_rendered":{"charts":0,"images":6,"macros":0,"external_links":0,"defined_names":4,"comments":1,"pivot_tables":0},"unopened":[],"bounds":{"document_bytes":16777216,"sheet_cells":100000,"run_cost":"one","rows_first":2000,"rows_last":500,"rows_between":2000,"halvings":0,"cell_chars":16384,"cell_head_chars":4096},"cells_cut":0,"cells_raw":0,"read":"whole","date_system":"1900"}

{"sheet":"ORÇAMENTO","index":0,"n_rows":31,"n_cols":9,"rows_kept":31,"cut":false,"hidden":false,"merged":[[6,6,6,7],[30,1,30,2],[0,0,7,0],[0,2,0,8],[1,2,1,8],[2,2,2,8],[4,2,4,8],[5,6,5,7]]}
["<---- NUMERAR SERVIÇOS PARA CPU",null,"Ministério do Desenvolvimento Regional"]
[null,null,"Companhia de Desenvolvimento dos Vales do São Francisco e do Parnaíba"]
[null,null,"1ª Superintendência Regional"]
[]
[null,"OBRA: ","PAVIMENTAÇÃO EM BLOQUETE SEXTAVADOS - COMUNIDADE VILA DA RAPOSA - GAMELEIRAS / MG"]
[null,"DATA:","SETEMBRO/2023",null,null,null,"BDI Serviços:",null,{"$f":"'BDI SERV'!D30/100","v":0.22789999999999999}]
[null,"PRAZO DE EXECUÇÃO:    120 DIAS"]
[null,"ITEM","DISCRIMINAÇÃO","REFER.","UNID.","QUANT.","P. UNITÁRIO","P.UNIT.C/ BDI","P. TOTAL"]
["A",1,"SERVIÇOS PRELIMINARES ",{"$nulls":5},{"$f":"SUM(I10:I14)","v":81271.01999999999}]
[1,"1.1","MOBILIZAÇÃO E DESMOBILIZAÇÃO","CPU.1","GL",1,{"$f":"VLOOKUP(A10,CPU!$A$1:$N$4546,9)","v":4047.6},{"$f":"VLOOKUP(A10,CPU!$A$1:$N$4546,10)","v":4970.0480399999997},{"$f":"ROUND(F10*H10,2)","v":4970.05}]
[2,"1.2","ADMINISTRAÇÃO LOCAL","CPU.2","GL",1,{"$f":"VLOOKUP(A11,CPU!$A$1:$N$4546,9)","v":50735.479999999996},{"$f":"VLOOKUP(A11,CPU!$A$1:$N$4546,10)","v":62298.095891999998},{"$f":"ROUND(F11*H11,2)","v":62298.1}]
[3,"1.3","CANTEIRO DE OBRAS","CPU.3","GL",1,{"$f":"VLOOKUP(A12,CPU!$A$1:$N$4546,9)","v":9144},{"$f":"VLOOKUP(A12,CPU!$A$1:$N$4546,10)","v":11227.917600000001},{"$f":"ROUND(F12*H12,2)","v":11227.92}]
[4,"1.4","PLACA DE OBRA EM CHAPA DE AÇO GALVANIZADO",103689,"M2",4.5,{"$f":"VLOOKUP(A13,CPU!$A$1:$N$4546,9)","v":307.76},{"$f":"VLOOKUP(A13,CPU!$A$1:$N$4546,10)","v":377.898504},{"$f":"ROUND(F13*H13,2)","v":1700.54}]
[5,"1.5","LOCAÇÃO DE PAVIMENTAÇÃO",99064,"M",1249.9999999999998,{"$f":"VLOOKUP(A14,CPU!$A$1:$N$4546,9)","v":0.7},{"$f":"VLOOKUP(A14,CPU!$A$1:$N$4546,10)","v":0.85952999999999991},{"$f":"ROUND(F14*H14,2)","v":1074.4100000000001}]
["B",2,"PAVIMENTAÇÃO",{"$nulls":5},{"$f":"SUM(I16:I20)","v":682604.22}]
[6,"2.1","ESCAVAÇÃO HORIZONTAL EM SOLO DE 1A CATEGORIA COM TRATOR DE ESTEIRAS",101116,"M3",1300,{"$f":"VLOOKUP(A16,CPU!$A$1:$N$4546,9)","v":2.2000000000000002},{"$f":"VLOOKUP(A16,CPU!$A$1:$N$4546,10)","v":2.7013800000000003},{"$f":"ROUND(F16*H16,2)","v":3511.79}]
[7,"2.2","CARGA, MANOBRA E DESCARGA DE SOLOS E MATERIAIS GRANULARES EM CAMINHÃO BASCULANTE - CARGA COM PÁ CARREGADEIRA E DESCARGA LIVRE",100976,"M3",1300,{"$f":"VLOOKUP(A17,CPU!$A$1:$N$4546,9)","v":8.7100000000000009},{"$f":"VLOOKUP(A17,CPU!$A$1:$N$4546,10)","v":10.695009000000001},{"$f":"ROUND(F17*H17,2)","v":13903.51}]
[8,"2.3","REGULARIZAÇÃO E COMPACTAÇÃO DE SUBLEITO",100576,"M2",8999.9999999999982,{"$f":"VLOOKUP(A18,CPU!$A$1:$N$4546,9)","v":2.57},{"$f":"VLOOKUP(A18,CPU!$A$1:$N$4546,10)","v":3.1557029999999999},{"$f":"ROUND(F18*H18,2)","v":28401.33}]
[8.5,"2.4","EXECUÇÃO E COMPACTAÇÃO DE BASE E OU SUB BASE PARA PAVIMENTAÇÃO DE SOLO DE COMPORTAMENTO LATERÍTICO - EXCLUSIVE SOLO, ESCAVAÇÃO, CARGA E TRANSPORTE",96388,"M3",870,{"$f":"VLOOKUP(A19,CPU!$A$1:$N$4546,9)","v":12.469999999999999},{"$f":"VLOOKUP(A19,CPU!$A$1:$N$4546,10)","v":15.311912999999999},{"$f":"ROUND(F19*H19,2)","v":13321.36}]
[9,"2.5","EXECUÇÃO DE PAVIMENTO EM PISO INTERTRAVADO, COM BLOCO SEXTAVADO DE CONCRETO DE 25 X 25 CM, ESPESSURA 8 CM",92394,"M2",7500.0000000000009,{"$f":"VLOOKUP(A20,CPU!$A$1:$N$4546,9)","v":67.7},{"$f":"VLOOKUP(A20,CPU!$A$1:$N$4546,10)","v":83.128830000000008},{"$f":"ROUND(F20*H20,2)","v":623466.23}]
["C",3,"TRANSPORTE DE MATERIAIS",{"$nulls":5},{"$f":"SUM(I22:I25)","v":452174.19000000006}]
[10,"3.1","TRANSPORTE COM CAMINHÃO BASCULANTE, EM VIA URBANA PAVIMENTADA",95427,"M3XKM",29999.997500000005,{"$f":"VLOOKUP(A22,CPU!$A$1:$N$4546,9)","v":0.73},{"$f":"VLOOKUP(A22,CPU!$A$1:$N$4546,10)","v":0.89636700000000002},{"$f":"ROUND(F22*H22,2)","v":26891.01}]
[10.5,"3.2","TRANSPORTE COM CAMINHÃO BASCULANTE, EM VIA COM REVESTIMENTO PRIMÁRIO",95425,"M3XKM",61000.001999999993,{"$f":"VLOOKUP(A23,CPU!$A$1:$N$4546,9)","v":2.25},{"$f":"VLOOKUP(A23,CPU!$A$1:$N$4546,10)","v":2.762775},{"$f":"ROUND(F23*H23,2)","v":168529.28}]
[11,"3.3","TRANSPORTE COM CAMINHÃO CARROCERIA, EM VIA URBANA PAVIMENTADA",100948,"TXKM",90000.000000000015,{"$f":"VLOOKUP(A24,CPU!$A$1:$N$4546,9)","v":0.84},{"$f":"VLOOKUP(A24,CPU!$A$1:$N$4546,10)","v":1.031436},92829.24]
[11.5,"3.4","TRANSPORTE COM CAMINHÃO CARROCERIA, EM VIA COM REVESTIMENTO PRIMÁRIO (GAMELEIRAS ATÉ VILA DA RAPOSA)",100945,"TXKM",50000.004156800009,{"$f":"VLOOKUP(A25,CPU!$A$1:$N$4546,9)","v":2.67},{"$f":"VLOOKUP(A25,CPU!$A$1:$N$4546,10)","v":3.2784930000000001},{"$f":"ROUND(F25*H25,2)","v":163924.66}]
["D",4,"DRENAGEM E OBRAS COMPLEMENTARES",{"$nulls":5},{"$f":"SUM(I27:I30)","v":157622.45999999996}]
[13,"4.1","GUIA (MEIO-FIO) E SARJETA CONJUGADOS DE CONCRETO, MOLDADA  IN LOCO  EM TRECHO RETO COM EXTRUSORA, 45 CM BASE (15 CM BASE DA GUIA + SARJETA (30 X 0,05))X 22 CM ALTURA",94267,"M",2499.9999999999995,{"$f":"VLOOKUP(A27,CPU!$A$1:$N$4546,9)","v":47.859999999999992},{"$f":"VLOOKUP(A27,CPU!$A$1:$N$4546,10)","v":58.767293999999993},{"$f":"ROUND(F27*H27,2)","v":146918.24}]
[14,"4.2","GUIA (MEIO-FIO) CONCRETO, MOLDADA IN LOCO EM TRECHO RETO (PARA TRAVAMENTO), 13 CM BASE X 22 CM ALTURA",94263,"M",42.000000000000007,{"$f":"VLOOKUP(A28,CPU!$A$1:$N$4546,9)","v":35.64},{"$f":"VLOOKUP(A28,CPU!$A$1:$N$4546,10)","v":43.762355999999997},{"$f":"ROUND(F28*H28,2)","v":1838.02}]
[15,"4.2","FORNECIMENTO E INSTALAÇÃO DE PLACA DE SINALIZAÇÃO VIÁRIA - REGULAMENTAÇÃO 0,60MX0,60M, SUPORTE INCLUSO","CPU.4","UNID.",15,{"$f":"VLOOKUP(A29,CPU!$A$1:$N$4546,9)","v":386.98},{"$f":"VLOOKUP(A29,CPU!$A$1:$N$4546,10)","v":475.17274200000003},{"$f":"ROUND(F29*H29,2)","v":7127.59}]
[16,"4.3","FORNECIMENTO E INSTALAÇÃO DE PLACA DE IDENTIFICAÇÃO DE LOGRADOURO, SUPORTE INCLUSO - CONFORME PROJETO","CPU.5","UNID.",4,{"$f":"VLOOKUP(A30,CPU!$A$1:$N$4546,9)","v":353.98},{"$f":"VLOOKUP(A30,CPU!$A$1:$N$4546,10)","v":434.65204199999999},{"$f":"ROUND(F30*H30,2)","v":1738.61}]
[null,"TOTAL GERAL DA OBRA COM BDI ",{"$nulls":6},{"$f":"SUM(I9,I15,I21,I26)","v":1373671.8900000001}]

{"sheet":"CPU","index":1,"n_rows":281,"n_cols":13,"rows_kept":281,"cut":false,"hidden":false,"merged":[[243,1,243,6],[226,0,244,0],[226,1,226,3],[226,4,226,7],[227,2,227,5],[228,2,228,3],[229,1,229,7],[240,1,240,3],[240,5,240,6],[241,1,241,6],[242,1,242,6],[118,0,134,0],[263,0,281,0],[263,1,263,3],[263,4,263,7],[264,2,264,5],[265,2,265,3],[266,1,266,7],[277,1,277,3],[277,5,277,6],[278,1,278,6],[279,1,279,6],[280,1,280,6],[245,0,262,0],[245,1,245,3],[245,4,245,7],[246,2,246,5],[247,2,247,3],[248,1,248,7],[258,1,258,3],[258,5,258,6],[259,1,259,6],[260,1,260,6],[261,1,261,6],[194,0,206,0],[194,1,194,3],[194,4,194,7],[194,10,194,11],[195,2,195,5],[196,2,196,3],[197,1,197,7],[202,1,202,3],[202,5,202,6],[203,1,203,6],[204,1,204,6],[205,1,205,6],[84,1,84,6],[85,1,85,6],[87,0,99,0],[87,1,87,3],[87,4,87,7],[88,2,88,5],[89,2,89,3],[90,1,90,7],[96,1,96,3],[96,5,96,6],[97,1,97,6],[98,1,98,6],[113,1,113,3],[113,5,113,6],[114,1,114,6],[115,1,115,6],[116,1,116,6],[101,1,101,3],[101,4,101,7],[101,0,116,0],[159,2,159,3],[160,1,160,7],[0,0,13,0],[14,0,30,0],[31,0,44,0],[45,0,62,0],[63,0,73,0],[138,0,156,0],[164,1,164,3],[154,1,154,6],[155,1,155,6],[157,1,157,3],[157,4,157,7],[138,1,138,3],[138,4,138,7],[76,2,76,3],[77,1,77,7],[82,1,82,3],[0,1,0,3],[0,4,0,7],[157,0,168,0],[42,1,42,6],[43,1,43,6],[65,2,65,3],[99,1,99,6],[74,0,85,0],[157,10,157,11],[158,2,158,5],[118,1,118,3],[118,4,118,7],[118,10,118,11],[119,2,119,5],[120,2,120,3],[121,1,121,7],[133,1,133,3],[133,5,133,6],[134,1,134,6],[135,1,135,6],[136,1,136,6],[0,10,0,11],[1,2,1,5],[2,2,2,3],[3,1,3,7],[9,1,9,3],[9,5,9,6],[10,1,10,6],[11,1,11,6],[12,1,12,6],[14,1,14,3],[14,4,14,7],[14,10,14,11],[15,2,15,5],[16,2,16,3],[17,1,17,7],[26,1,26,3],[26,5,26,6],[58,5,58,6],[31,10,31,11],[32,2,32,5],[33,2,33,3],[34,1,34,7],[40,1,40,3],[27,1,27,6],[28,1,28,6],[29,1,29,6],[31,1,31,3],[31,4,31,7],[74,10,74,11],[75,2,75,5],[59,1,59,6],[60,1,60,6],[61,1,61,6],[63,1,63,3],[63,4,63,7],[63,10,63,11],[64,2,64,5],[164,5,164,6],[165,1,165,6],[166,1,166,6],[167,1,167,6],[45,10,45,11],[46,2,46,5],[47,2,47,3],[48,1,48,7],[58,1,58,3],[66,1,66,7],[69,1,69,3],[138,10,138,11],[139,2,139,5],[140,2,140,3],[141,1,141,7],[152,1,152,3],[152,5,152,6],[153,1,153,6],[101,10,101,11],[102,2,102,5],[103,2,103,3],[104,1,104,7],[45,1,45,3],[45,4,45,7],[82,5,82,6],[83,1,83,6],[69,5,69,6],[70,1,70,6],[71,1,71,6],[72,1,72,6],[74,1,74,3],[74,4,74,7],[40,5,40,6],[41,1,41,6],[207,0,225,0],[207,1,207,3],[207,4,207,7],[208,2,208,5],[209,2,209,3],[210,1,210,7],[221,1,221,3],[221,5,221,6],[222,1,222,6],[223,1,223,6],[224,1,224,6],[178,1,178,6],[179,1,179,6],[169,0,180,0],[181,0,193,0],[181,1,181,3],[181,4,181,7],[181,10,181,11],[182,2,182,5],[183,2,183,3],[184,1,184,7],[189,1,189,3],[189,5,189,6],[190,1,190,6],[191,1,191,6],[192,1,192,6],[169,1,169,3],[169,4,169,7],[169,10,169,11],[170,2,170,5],[171,2,171,3],[172,1,172,7],[176,1,176,3],[176,5,176,6],[177,1,177,6]]}
[1,"CODEVASF",null,null," COMPOSIÇÃO DE PREÇO UNITÁRIO",null,null,null,{"$f":"H11","v":4047.6},{"$f":"H13","v":4970.0480399999997},"BDI CALCULADO:",null,{"$f":"ORÇAMENTO!I6","v":0.22789999999999999}]
[null,"OBRA:  ",{"$f":"ORÇAMENTO!C5","v":"PAVIMENTAÇÃO EM BLOQUETE SEXTAVADOS - COMUNIDADE VILA DA RAPOSA - GAMELEIRAS / MG"},null,null,null,"DATA: ",{"$f":"ORÇAMENTO!C6","v":"SETEMBRO/2023"}]
[null,"SERVIÇO:  ",{"$f":"VLOOKUP(A1,ORÇAMENTO!A10:I27,3)","v":"MOBILIZAÇÃO E DESMOBILIZAÇÃO"},null,"Referência:",{"$f":"VLOOKUP(A1,ORÇAMENTO!A10:I27,4)","v":"CPU.1"},"UNIDADE: ",{"$f":"VLOOKUP(A1,ORÇAMENTO!A10:I27,5)","v":"GL"}]
[]
[null,"TIPO ITEM","CODIGO ITEM","DESCRIÇÃO ITEM","UNIDADE ITEM","COEFICIENTE","PRECO UNITARIO","CUSTO TOTAL"]
[null,"COMPOSICAO",5824,"CAMINHÃO TOCO, PBT 16.000 KG, CARGA ÚTIL MÁX. 10.685 KG, DIST. ENTRE EIXOS 4,8 M, POTÊNCIA 189 CV, INCLUSIVE CARROCERIA FIXA ABERTA DE MADEIRA P/ TRANSPORTE GERAL DE CARGA SECA ","CHP",8,"202,74",{"$f":"ROUNDDOWN(F6*G6,2)","v":1621.92},{"$nulls":4},"."]
[null,"COMPOSICAO",5826,"CAMINHÃO TOCO, PBT 16.000 KG, CARGA ÚTIL MÁX. 10.685 KG, DIST. ENTRE EIXOS 4,8 M, POTÊNCIA 189 CV, INCLUSIVE CARROCERIA FIXA ABERTA DE MADEIRA P/ TRANSPORTE GERAL DE CARGA SECA ","CHI",4,"60,95",{"$f":"ROUNDDOWN(F7*G7,2)","v":243.8}]
[null,"COMPOSIÇÃO",88316,"SERVENTE COM ENCARGOS COMPLEMENTARES","H",8,"19,76",{"$f":"ROUNDDOWN(F8*G8,2)","v":158.08000000000001}]
[{"$nulls":7},{"$f":"ROUNDDOWN(F9*G9,2)","v":0}]
[null,"PRODUÇÃO DA EQUIPE",null,null,0.5,"CUSTO ",null,{"$f":"SUM(H6:H9)","v":2023.8}]
[null,"TOTAL",{"$nulls":5},{"$f":"H10/E10","v":4047.6},"OK"]
[null,"BDI                %",{"$nulls":5},{"$f":"1+$M$1","v":1.2279}]
[null,"TOTAL DO SERVIÇO - R$",{"$nulls":5},{"$f":"H11*H12","v":4970.0480399999997}]
[]
[{"$f":"A1+1","v":2},"CODEVASF",null,null," COMPOSIÇÃO DE PREÇO UNITÁRIO",null,null,null,{"$f":"H28","v":50735.479999999996},{"$f":"H30","v":62298.095891999998}]
[null,"OBRA:  ",{"$f":"$C$2","v":"PAVIMENTAÇÃO EM BLOQUETE SEXTAVADOS - COMUNIDADE VILA DA RAPOSA - GAMELEIRAS / MG"},null,null,null,"DATA: ",{"$f":"$H$2","v":"SETEMBRO/2023"}]
[null,"SERVIÇO:  ",{"$f":"VLOOKUP(A15,ORÇAMENTO!$A$10:$I$27,3)","v":"ADMINISTRAÇÃO LOCAL"},null,"SINAPI","CPU","UNIDADE: ",{"$f":"VLOOKUP(A15,ORÇAMENTO!$A$10:$I$27,5)","v":"GL"}]
[]
[null,"TIPO ITEM","CODIGO ITEM","DESCRIÇÃO ITEM","UNIDADE ITEM","COEFICIENTE","PRECO UNITARIO","CUSTO TOTAL"]
[null,"INSUMO",14250,"ENERGIA ELÉTRICA","kwh",60,"0,94",{"$f":"ROUNDDOWN(F20*G20,2)","v":56.4}]
[null,"INSUMO",44480,"TARIFA \"A\" ENTRE 0 E 20 M³ - FORNECIMENTO D'ÁGUA","m³",4,"17,78",{"$f":"ROUNDDOWN(F21*G21,2)","v":71.12}]
[null,"COTAÇÃO","MERC.","TELEFONE (PLANO CONTROLE)","UNID",3,60,180]
[null,"COMPOSICAO",90777,"ENGENHEIRO CIVIL DE OBRA COM ENCARGOS COMPLEMENTARES","H",45,"114,12",5135.3999999999996]
[null,"COMPOSICAO",90776,"ENCARREGADO GERAL COM ENCARGOS COMPLEMENTARES","H",90,"57,73",{"$f":"ROUNDDOWN(F24*G24,2)","v":5195.7}]
[null,"COMPOSICAO",88321,"TÉCNICO DE LABORATÓRIO COM ENCARGOS COMPLEMENTARES","H",45,"45,45",{"$f":"ROUNDDOWN(F25*G25,2)","v":2045.25}]
[{"$nulls":7},0]
[null,"PRODUÇÃO DA EQUIPE",null,null,{"$f":"1/4","v":0.25},"CUSTO ",null,{"$f":"SUM(H20:H26)","v":12683.869999999999}]
[null,"TOTAL",{"$nulls":5},{"$f":"H27/E27","v":50735.479999999996},"OK"]
[null,"BDI                %",{"$nulls":5},{"$f":"1+$M$1","v":1.2279}]
[null,"TOTAL DO SERVIÇO - R$",{"$nulls":5},{"$f":"H28*H29","v":62298.095891999998}]
[]
[{"$f":"A15+1","v":3},"CODEVASF",null,null," COMPOSIÇÃO DE PREÇO UNITÁRIO",null,null,null,{"$f":"H42","v":9144},{"$f":"H44","v":11227.917600000001}]
[null,"OBRA:  ",{"$f":"$C$2","v":"PAVIMENTAÇÃO EM BLOQUETE SEXTAVADOS - COMUNIDADE VILA DA RAPOSA - GAMELEIRAS / MG"},null,null,null,"DATA: ",{"$f":"$H$2","v":"SETEMBRO/2023"}]
[null,"SERVIÇO:  ",{"$f":"VLOOKUP(A32,ORÇAMENTO!$A$10:$I$27,3)","v":"CANTEIRO DE OBRAS"},null,"SINAPI",{"$f":"VLOOKUP(A32,ORÇAMENTO!$A$10:$I$27,4)","v":"CPU.3"},"UNIDADE: ",{"$f":"VLOOKUP(A32,ORÇAMENTO!$A$10:$I$27,5)","v":"GL"}]
[]
[null,"TIPO ITEM","CODIGO ITEM","DESCRIÇÃO ITEM","UNIDADE ITEM","COEFICIENTE","PRECO UNITARIO","CUSTO TOTAL"]
[null,"COTAÇÃO",10775,"ALUGUEL DE IMÓVEL OU CONTEINER QUE ATENDA AOS REQUISITOS MÍNIMOS PARA INSTALAÇÃO DO CANTEIRO DE OBRAS ","MÊS",4,975,{"$f":"ROUNDDOWN(F37*G37,2)","v":3900}]
[null,"INSUMO",10779,"LOCACAO DE CONTAINER 2,30 X 4,30 M, ALT. 2,50 M, P/ SANITARIO, C/ 5 BACIAS, 1 LAVATORIO E 4 MICTORIOS","MÊS",4,1218.75,{"$f":"ROUNDDOWN(F38*G38,2)","v":4875}]
[null,"INSUMO","37525","TELA PLASTICA TECIDA LISTRADA BRANCA E LARANJA, TIPO GUARDA CORPO, EM POLIETILENO MONOFILADO, ROLO 1,20 X 50 M (L X C)","M",100,3.69,369]
[]
[null,"PRODUÇÃO DA EQUIPE",null,null,1,"CUSTO ",null,{"$f":"SUM(H37:H40)","v":9144}]
[null,"TOTAL",{"$nulls":5},{"$f":"H41/E41","v":9144},"OK"]
[null,"BDI                %",{"$nulls":5},{"$f":"1+$M$1","v":1.2279}]
[null,"TOTAL DO SERVIÇO - R$",{"$nulls":5},{"$f":"H42*H43","v":11227.917600000001}]
[]
[{"$f":"A32+1","v":4},"CODEVASF",null,null," COMPOSIÇÃO DE PREÇO UNITÁRIO",null,null,null,{"$f":"H60","v":307.76},{"$f":"H62","v":377.898504}]
[null,"OBRA:  ",{"$f":"$C$2","v":"PAVIMENTAÇÃO EM BLOQUETE SEXTAVADOS - COMUNIDADE VILA DA RAPOSA - GAMELEIRAS / MG"},null,null,null,"DATA: ",{"$f":"$H$2","v":"SETEMBRO/2023"}]
[null,"SERVIÇO:  ",{"$f":"VLOOKUP(A46,ORÇAMENTO!$A$10:$I$27,3)","v":"PLACA DE OBRA EM CHAPA DE AÇO GALVANIZADO"},null,"SINAPI",{"$f":"VLOOKUP(A46,ORÇAMENTO!$A$10:$I$27,4)","v":103689},"UNIDADE: ",{"$f":"VLOOKUP(A46,ORÇAMENTO!$A$10:$I$27,5)","v":"M2"}]
[]
[null,"TIPO ITEM","CODIGO ITEM","DESCRIÇÃO ITEM","UNIDADE ITEM","COEFICIENTE","PRECO UNITARIO","CUSTO TOTAL"]
[null,"INSUMO",4509,"SARRAFO *2,5 X 10* CM EM PINUS, MISTA OU EQUIVALENTE DA REGIAO - BRUTA","M","3,2083000","4,41",{"$f":"ROUNDDOWN(F51*G51,2)","v":14.14}]
[null,"INSUMO",4813,"PLACA DE OBRA (PARA CONSTRUCAO CIVIL) EM CHAPA GALVANIZADA *N. 22*, ADESIVADA, DE *2,4 X 1,2* M (SEM POSTES PARA FIXACAO)","M2","1,0000000","250,00",{"$f":"ROUNDDOWN(F52*G52,2)","v":250}]
[null,"INSUMO",5065,"PREGO DE ACO POLIDO COM CABECA 10 X 10 (7/8 X 17)","KG","0,0113000","36,57",0.41]
[null,"INSUMO",5069,"PREGO DE ACO POLIDO COM CABECA 17 X 27 (2 1/2 X 11)","KG","0,0132000","19,59",0.25]
[null,"COMPOSICAO",88262,"CARPINTEIRO DE FORMAS COM ENCARGOS COMPLEMENTARES","H","0,3729000","27,05",10.08]
[null,"COMPOSICAO",88316,"SERVENTE COM ENCARGOS COMPLEMENTARES","H","1,1186000","19,76",22.1]
[null,"COMPOSICAO",102234,"PINTURA IMUNIZANTE PARA MADEIRA, 2 DEMÃOS","M2","0,5000000","21,57",{"$f":"ROUNDDOWN(F57*G57,2)","v":10.78}]
[{"$nulls":7},0]
[null,"PRODUÇÃO DA EQUIPE",null,null,1,"CUSTO ",null,{"$f":"SUM(H51:H58)","v":307.76}]
[null,"TOTAL",{"$nulls":5},{"$f":"H59/E59","v":307.76},"OK"]
[null,"BDI                %",{"$nulls":5},{"$f":"1+$M$1","v":1.2279}]
[null,"TOTAL DO SERVIÇO - R$",{"$nulls":5},{"$f":"H60*H61","v":377.898504}]
[]
[{"$f":"A46+1","v":5},"CODEVASF",null,null," COMPOSIÇÃO DE PREÇO UNITÁRIO",null,null,null,{"$f":"H71","v":0.7},{"$f":"H73","v":0.85952999999999991}]
[null,"OBRA:  ",{"$f":"$C$2","v":"PAVIMENTAÇÃO EM BLOQUETE SEXTAVADOS - COMUNIDADE VILA DA RAPOSA - GAMELEIRAS / MG"},null,null,null,"DATA: ",{"$f":"$H$2","v":"SETEMBRO/2023"}]
[null,"SERVIÇO:  ",{"$f":"VLOOKUP(A64,ORÇAMENTO!$A$10:$I$27,3)","v":"LOCAÇÃO DE PAVIMENTAÇÃO"},null,"SINAPI",{"$f":"VLOOKUP(A64,ORÇAMENTO!$A$10:$I$27,4)","v":99064},"UNIDADE: ",{"$f":"VLOOKUP(A64,ORÇAMENTO!$A$10:$I$27,5)","v":"M"}]
[]
[null,"TIPO ITEM","CODIGO ITEM","DESCRIÇÃO ITEM","UNIDADE ITEM","COEFICIENTE","PRECO UNITARIO","CUSTO TOTAL"]
[null,"COMPOSICAO",99058,"LOCAÇÃO DE PONTO PARA REFERÊNCIA TOPOGRÁFICA","UN","0,0500000","14,14",{"$f":"ROUNDDOWN(F69*G69,2)","v":0.7}]
[null,"PRODUÇÃO DA EQUIPE",null,null,1,"CUSTO ",null,{"$f":"SUM(H69:H69)","v":0.7}]
[null,"TOTAL",{"$nulls":5},{"$f":"H70/E70","v":0.7},"OK"]
[null,"BDI                %",{"$nulls":5},{"$f":"1+$M$1","v":1.2279}]
[null,"TOTAL DO SERVIÇO - R$",{"$nulls":5},{"$f":"H71*H72","v":0.85952999999999991}]
[]
[{"$f":"A64+1","v":6},"CODEVASF",null,null," COMPOSIÇÃO DE PREÇO UNITÁRIO",null,null,null,{"$f":"H84","v":2.2000000000000002},{"$f":"H86","v":2.7013800000000003}]
[null,"OBRA:  ",{"$f":"$C$2","v":"PAVIMENTAÇÃO EM BLOQUETE SEXTAVADOS - COMUNIDADE VILA DA RAPOSA - GAMELEIRAS / MG"},null,null,null,"DATA: ",{"$f":"$H$2","v":"SETEMBRO/2023"}]
[null,"SERVIÇO:  ",{"$f":"VLOOKUP(A75,ORÇAMENTO!$A$10:$I$27,3)","v":"ESCAVAÇÃO HORIZONTAL EM SOLO DE 1A CATEGORIA COM TRATOR DE ESTEIRAS"},null,"SINAPI",{"$f":"VLOOKUP(A75,ORÇAMENTO!$A$10:$I$27,4)","v":101116},"UNIDADE: ",{"$f":"VLOOKUP(A75,ORÇAMENTO!$A$10:$I$27,5)","v":"M3"}]
[]
[null,"TIPO ITEM","CODIGO ITEM","DESCRIÇÃO ITEM","UNIDADE ITEM","COEFICIENTE","PRECO UNITARIO","CUSTO TOTAL"]
[null,"COMPOSICAO",5847,"TRATOR DE ESTEIRAS, POTÊNCIA 170 HP, PESO OPERACIONAL 19 T, CAÇAMBA 5,2 M3 - CHP DIURNO. AF_06/2014","CHP","0,0048000","253,93",{"$f":"ROUNDDOWN(F80*G80,2)","v":1.21}]
[null,"COMPOSICAO",5849,"TRATOR DE ESTEIRAS, POTÊNCIA 170 HP, PESO OPERACIONAL 19 T, CAÇAMBA 5,2 M3 - CHI DIURNO. AF_06/2014","CHI","0,0082000","90,40",{"$f":"ROUNDDOWN(F81*G81,2)","v":0.74}]
[null,"COMPOSICAO",88316,"SERVENTE COM ENCARGOS COMPLEMENTARES","H","0,0131000","19,76",{"$f":"ROUNDDOWN(F82*G82,2)","v":0.25}]
[null,"PRODUÇÃO DA EQUIPE",null,null,1,"CUSTO ",null,{"$f":"SUM(H80:H82)","v":2.2000000000000002}]
[null,"TOTAL",{"$nulls":5},{"$f":"H83/E83","v":2.2000000000000002},"OK"]
[null,"BDI                %",{"$nulls":5},{"$f":"1+$M$1","v":1.2279}]
[null,"TOTAL DO SERVIÇO - R$",{"$nulls":5},{"$f":"H84*H85","v":2.7013800000000003}]
[]
[7,"CODEVASF",null,null," COMPOSIÇÃO DE PREÇO UNITÁRIO",null,null,null,{"$f":"H98","v":8.7100000000000009},{"$f":"H100","v":10.695009000000001}]
[null,"OBRA:  ",{"$f":"$C$2","v":"PAVIMENTAÇÃO EM BLOQUETE SEXTAVADOS - COMUNIDADE VILA DA RAPOSA - GAMELEIRAS / MG"},null,null,null,"DATA: ",{"$f":"$H$2","v":"SETEMBRO/2023"}]
[null,"SERVIÇO:  ",{"$f":"VLOOKUP(A88,ORÇAMENTO!$A$10:$I$27,3)","v":"CARGA, MANOBRA E DESCARGA DE SOLOS E MATERIAIS GRANULARES EM CAMINHÃO BASCULANTE - CARGA COM PÁ CARREGADEIRA E DESCARGA LIVRE"},null,"SINAPI",{"$f":"VLOOKUP(A88,ORÇAMENTO!$A$10:$I$27,4)","v":100976},"UNIDADE: ",{"$f":"VLOOKUP(A88,ORÇAMENTO!$A$10:$I$27,5)","v":"M3"}]
[]
[null,"TIPO ITEM","CODIGO ITEM","DESCRIÇÃO ITEM","UNIDADE ITEM","COEFICIENTE","PRECO UNITARIO","CUSTO TOTAL"]
[null,"COMPOSICAO",5940,"PÁ CARREGADEIRA SOBRE RODAS, POTÊNCIA LÍQUIDA 128 HP, CAPACIDADE DA CAÇAMBA 1,7 A 2,8 M3, PESO OPERACIONAL 11632 KG - CHP DIURNO. AF_06/2014","CHP","0,0083000","217,72",{"$f":"ROUNDDOWN(F93*G93,2)","v":1.8}]
[null,"COMPOSICAO",5942,"PÁ CARREGADEIRA SOBRE RODAS, POTÊNCIA LÍQUIDA 128 HP, CAPACIDADE DA CAÇAMBA 1,7 A 2,8 M3, PESO OPERACIONAL 11632 KG - CHI DIURNO. AF_06/2014","CHI","0,0074000","95,85",{"$f":"ROUNDDOWN(F94*G94,2)","v":0.7}]
[null,"COMPOSICAO",89883,"CAMINHÃO BASCULANTE 18 M3, COM CAVALO MECÂNICO DE CAPACIDADE MÁXIMA DE TRAÇÃO COMBINADO DE 45000 KG, POTÊNCIA 330 CV, INCLUSIVE SEMIREBOQUE COM CAÇAMBA METÁLICA - CHP DIURNO. AF_12/2014","CHP","0,0153000","348,45",{"$f":"ROUNDDOWN(F95*G95,2)","v":5.33}]
[null,"COMPOSICAO",89884,"CAMINHÃO BASCULANTE 18 M3, COM CAVALO MECÂNICO DE CAPACIDADE MÁXIMA DE TRAÇÃO COMBINADO DE 45000 KG, POTÊNCIA 330 CV, INCLUSIVE SEMIREBOQUE COM CAÇAMBA METÁLICA - CHI DIURNO. AF_12/2014","CHI","0,0095000","93,65",{"$f":"ROUNDDOWN(F96*G96,2)","v":0.88}]
[null,"PRODUÇÃO DA EQUIPE",null,null,1,"CUSTO ",null,{"$f":"SUM(H93:H96)","v":8.7100000000000009}]
[null,"TOTAL",{"$nulls":5},{"$f":"H97/E97","v":8.7100000000000009},"OK"]
[null,"BDI                %",{"$nulls":5},{"$f":"1+$M$1","v":1.2279}]
[null,"TOTAL DO SERVIÇO - R$",{"$nulls":5},{"$f":"H98*H99","v":10.695009000000001}]
[]
[8,"CODEVASF",null,null," COMPOSIÇÃO DE PREÇO UNITÁRIO",null,null,null,{"$f":"H115","v":2.57},{"$f":"H117","v":3.1557029999999999}]
[null,"OBRA:  ",{"$f":"$C$2","v":"PAVIMENTAÇÃO EM BLOQUETE SEXTAVADOS - COMUNIDADE VILA DA RAPOSA - GAMELEIRAS / MG"},null,null,null,"DATA: ",{"$f":"$H$2","v":"SETEMBRO/2023"}]
[null,"SERVIÇO:  ",{"$f":"VLOOKUP(A102,ORÇAMENTO!$A$10:$I$27,3)","v":"REGULARIZAÇÃO E COMPACTAÇÃO DE SUBLEITO"},null,"SINAPI",{"$f":"VLOOKUP(A102,ORÇAMENTO!$A$10:$I$27,4)","v":100576},"UNIDADE: ",{"$f":"VLOOKUP(A102,ORÇAMENTO!$A$10:$I$27,5)","v":"M2"}]
[]
[null,"TIPO ITEM","CODIGO ITEM","DESCRIÇÃO ITEM","UNIDADE ITEM","COEFICIENTE","PRECO UNITARIO","CUSTO TOTAL"]
[null,"COMPOSICAO",5901,"CAMINHÃO PIPA 10.000 L TRUCADO, PESO BRUTO TOTAL 23.000 KG, CARGA ÚTIL MÁXIMA 15.935 KG, DISTÂNCIA ENTRE EIXOS 4,8 M, POTÊNCIA 230 CV, INCLUSIVE TANQUE DE AÇO PARA TRANSPORTE DE ÁGUA ","CHP","0,0010000","294,94",{"$f":"ROUNDDOWN(F107*G107,2)","v":0.28999999999999998}]
[null,"COMPOSICAO",5903,"CAMINHÃO PIPA 10.000 L TRUCADO, PESO BRUTO TOTAL 23.000 KG, CARGA ÚTIL MÁXIMA 15.935 KG, DISTÂNCIA ENTRE EIXOS 4,8 M, POTÊNCIA 230 CV, INCLUSIVE TANQUE DE AÇO PARA TRANSPORTE DE ÁGUA ","CHI","0,0070000","72,55",0.5]
[null,"COMPOSICAO",5932,"MOTONIVELADORA POTÊNCIA BÁSICA LÍQUIDA (PRIMEIRA MARCHA) 125 HP, PESO BRUTO 13032 KG, LARGURA DA LÂMINA DE 3,7 M ","CHP","0,0001000","262,71",0.02]
[null,"COMPOSICAO",5934,"MOTONIVELADORA POTÊNCIA BÁSICA LÍQUIDA (PRIMEIRA MARCHA) 125 HP, PESO BRUTO 13032 KG, LARGURA DA LÂMINA DE 3,7 M ","CHI","0,0080000","109,40",0.87]
[null,"COMPOSICAO",73436,"ROLO COMPACTADOR VIBRATÓRIO PÉ DE CARNEIRO PARA SOLOS, POTÊNCIA 80 HP, PESO OPERACIONAL SEM/COM LASTRO 7,4 / 8,8 T, LARGURA DE TRABALHO 1,68 M","CHP","0,0020000","163,19",0.32]
[null,"COMPOSICAO",88316,"SERVENTE COM ENCARGOS COMPLEMENTARES","H","0,0080000","19,76",0.15]
[null,"COMPOSICAO",93244,"ROLO COMPACTADOR VIBRATÓRIO PÉ DE CARNEIRO PARA SOLOS, POTÊNCIA 80 HP, PESO OPERACIONAL SEM/COM LASTRO 7,4 / 8,8 T, LARGURA DE TRABALHO 1,68 M ","CHI","0,0060000","71,18",0.42]
[null,"PRODUÇÃO DA EQUIPE",null,null,1,"CUSTO ",null,{"$f":"SUM(H107:H113)","v":2.57}]
[null,"TOTAL",{"$nulls":5},{"$f":"H114/E114","v":2.57},"OK"]
[null,"BDI                %",{"$nulls":5},{"$f":"1+$M$1","v":1.2279}]
[null,"TOTAL DO SERVIÇO - R$",{"$nulls":5},{"$f":"H115*H116","v":3.1557029999999999}]
[]
[8.5,"CODEVASF",null,null," COMPOSIÇÃO DE PREÇO UNITÁRIO",null,null,null,{"$f":"H135","v":12.469999999999999},{"$f":"H137","v":15.311912999999999}]
[null,"OBRA:  ",{"$f":"$C$2","v":"PAVIMENTAÇÃO EM BLOQUETE SEXTAVADOS - COMUNIDADE VILA DA RAPOSA - GAMELEIRAS / MG"},null,null,null,"DATA: ",{"$f":"$H$2","v":"SETEMBRO/2023"}]
[null,"SERVIÇO:  ",{"$f":"VLOOKUP(A119,ORÇAMENTO!$A$10:$I$27,3)","v":"EXECUÇÃO E COMPACTAÇÃO DE BASE E OU SUB BASE PARA PAVIMENTAÇÃO DE SOLO DE COMPORTAMENTO LATERÍTICO - EXCLUSIVE SOLO, ESCAVAÇÃO, CARGA E TRANSPORTE"},null,"SINAPI",{"$f":"VLOOKUP(A119,ORÇAMENTO!$A$10:$I$27,4)","v":96388},"UNIDADE: ",{"$f":"VLOOKUP(A119,ORÇAMENTO!$A$10:$I$27,5)","v":"M3"}]
[]
[null,"TIPO ITEM","CODIGO ITEM","DESCRIÇÃO ITEM","UNIDADE ITEM","COEFICIENTE","PRECO UNITARIO","CUSTO TOTAL"]
[null,"COMPOSICAO",5684,"ROLO COMPACTADOR VIBRATÓRIO DE UM CILINDRO AÇO LISO, POTÊNCIA 80 HP, PESO OPERACIONAL MÁXIMO 8,1 T, IMPACTO DINÂMICO 16,15 / 9,5 T, LARGURA DE TRABALHO 1,68 M - CHP DIURNO. AF_06/2014","CHP","0,0030000","159,98",{"$f":"ROUNDDOWN(F124*G124,2)","v":0.47}]
[null,"COMPOSICAO",5685,"ROLO COMPACTADOR VIBRATÓRIO DE UM CILINDRO AÇO LISO, POTÊNCIA 80 HP, PESO OPERACIONAL MÁXIMO 8,1 T, IMPACTO DINÂMICO 16,15 / 9,5 T, LARGURA DE TRABALHO 1,68 M - CHI DIURNO. AF_06/2014","CHI","0,0230000","69,53",1.59]
[null,"COMPOSICAO",5901,"CAMINHÃO PIPA 10.000 L TRUCADO, PESO BRUTO TOTAL 23.000 KG, CARGA ÚTIL MÁXIMA 15.935 KG, DISTÂNCIA ENTRE EIXOS 4,8 M, POTÊNCIA 230 CV, INCLUSIVE TANQUE DE AÇO PARA TRANSPORTE DE ÁGUA - CHP DIURNO. AF_06/2014","CHP","0,0040000","294,94",1.17]
[null,"COMPOSICAO",5903,"CAMINHÃO PIPA 10.000 L TRUCADO, PESO BRUTO TOTAL 23.000 KG, CARGA ÚTIL MÁXIMA 15.935 KG, DISTÂNCIA ENTRE EIXOS 4,8 M, POTÊNCIA 230 CV, INCLUSIVE TANQUE DE AÇO PARA TRANSPORTE DE ÁGUA - CHI DIURNO. AF_06/2014","CHI","0,0220000","72,55",1.59]
[null,"COMPOSICAO",5932,"MOTONIVELADORA POTÊNCIA BÁSICA LÍQUIDA (PRIMEIRA MARCHA) 125 HP, PESO BRUTO 13032 KG, LARGURA DA LÂMINA DE 3,7 M - CHP DIURNO. AF_06/2014","CHP","0,0080000","262,71",2.1]
[null,"COMPOSICAO",5934,"MOTONIVELADORA POTÊNCIA BÁSICA LÍQUIDA (PRIMEIRA MARCHA) 125 HP, PESO BRUTO 13032 KG, LARGURA DA LÂMINA DE 3,7 M - CHI DIURNO. AF_06/2014","CHI","0,0190000","109,40",2.0699999999999998]
[null,"COMPOSICAO",88316,"SERVENTE COM ENCARGOS COMPLEMENTARES","H","0,0260000","19,76",0.51]
[null,"INSUMO",4743,"CASCALHO DE CAVA (FORNECIMENTO PREFEITURA)","M3",1,null,0]
[null,"COMPOSICAO",96463,"ROLO COMPACTADOR DE PNEUS, ESTATICO, PRESSAO VARIAVEL, POTENCIA 110 HP, PESO SEM/COM LASTRO 10,8/27 T, LARGURA DE ROLAGEM 2,30 M - CHP DIURNO. AF_06/2017","CHP","0,0040000","218,21",0.87]
[null,"COMPOSICAO",96464,"ROLO COMPACTADOR DE PNEUS, ESTATICO, PRESSAO VARIAVEL, POTENCIA 110 HP, PESO SEM/COM LASTRO 10,8/27 T, LARGURA DE ROLAGEM 2,30 M - CHI DIURNO. AF_06/2017","CHI","0,0220000","95,83",2.1]
[null,"PRODUÇÃO DA EQUIPE",null,null,1,"CUSTO ",null,{"$f":"SUM(H124:H133)","v":12.469999999999999}]
[null,"TOTAL",{"$nulls":5},{"$f":"H134/E134","v":12.469999999999999},"OK"]
[null,"BDI                %",{"$nulls":5},{"$f":"1+$M$1","v":1.2279}]
[null,"TOTAL DO SERVIÇO - R$",{"$nulls":5},{"$f":"H135*H136","v":15.311912999999999}]
[]
[9,"CODEVASF",null,null," COMPOSIÇÃO DE PREÇO UNITÁRIO",null,null,null,{"$f":"H154","v":67.7},{"$f":"H156","v":83.128830000000008}]
[null,"OBRA:  ",{"$f":"$C$2","v":"PAVIMENTAÇÃO EM BLOQUETE SEXTAVADOS - COMUNIDADE VILA DA RAPOSA - GAMELEIRAS / MG"},null,null,null,"DATA: ",{"$f":"$H$2","v":"SETEMBRO/2023"}]
[null,"SERVIÇO:  ",{"$f":"VLOOKUP(A139,ORÇAMENTO!$A$10:$I$27,3)","v":"EXECUÇÃO DE PAVIMENTO EM PISO INTERTRAVADO, COM BLOCO SEXTAVADO DE CONCRETO DE 25 X 25 CM, ESPESSURA 8 CM"},null,"SINAPI",{"$f":"VLOOKUP(A139,ORÇAMENTO!$A$10:$I$27,4)","v":92394},"UNIDADE: ",{"$f":"VLOOKUP(A139,ORÇAMENTO!$A$10:$I$27,5)","v":"M2"}]
[]
[null,"TIPO ITEM","CODIGO ITEM","DESCRIÇÃO ITEM","UNIDADE ITEM","COEFICIENTE","PRECO UNITARIO","CUSTO TOTAL"]
[null,"INSUMO",370,"AREIA MEDIA - POSTO JAZIDA/FORNECEDOR (RETIRADO NA JAZIDA, SEM TRANSPORTE)","M3","0,0568000","97,50",{"$f":"ROUNDDOWN(F144*G144,2)","v":5.53}]
[null,"INSUMO",712,"BLOQUETE/PISO INTERTRAVADO DE CONCRETO - MODELO SEXTAVADO / HEXAGONAL, 25 CM X 25 CM, E = 8 CM, RESISTENCIA DE 35 MPA (NBR 9781), COR NATURAL","M2","1,0038000",54.2,54.4]
[null,"INSUMO",4741,"PO DE PEDRA (POSTO PEDREIRA/FORNECEDOR, SEM FRETE)","M3","0,0066000","111,12",0.73]
[null,"COMPOSICAO",88260,"CALCETEIRO COM ENCARGOS COMPLEMENTARES","H","0,1683000","21,06",3.54]
[null,"COMPOSICAO",88316,"SERVENTE COM ENCARGOS COMPLEMENTARES","H","0,1683000","19,76",3.32]
[null,"COMPOSICAO",91277,"PLACA VIBRATÓRIA REVERSÍVEL COM MOTOR 4 TEMPOS A GASOLINA, FORÇA CENTRÍFUGA DE 25 KN (2500 KGF), POTÊNCIA 5,5 CV","CHP","0,0055000","8,77",0.04]
[null,"COMPOSICAO",91278,"PLACA VIBRATÓRIA REVERSÍVEL COM MOTOR 4 TEMPOS A GASOLINA, FORÇA CENTRÍFUGA DE 25 KN (2500 KGF), POTÊNCIA 5,5 CV","CHI","0,0787000","0,52",0.04]
[null,"COMPOSICAO",91283,"CORTADORA DE PISO COM MOTOR 4 TEMPOS A GASOLINA, POTÊNCIA DE 13 HP, COM DISCO DE CORTE DIAMANTADO SEGMENTADO PARA CONCRETO","CHP","0,0038000","9,69",0.03]
[null,"COMPOSICAO",91285,"CORTADORA DE PISO COM MOTOR 4 TEMPOS A GASOLINA, POTÊNCIA DE 13 HP, COM DISCO DE CORTE DIAMANTADO SEGMENTADO PARA CONCRETO","CHI","0,0804000","0,92",7.0000000000000007E-2]
[null,"PRODUÇÃO DA EQUIPE",null,null,1,"CUSTO ",null,{"$f":"SUM(H144:H152)","v":67.7}]
[null,"TOTAL",{"$nulls":5},{"$f":"H153/E153","v":67.7},"OK"]
[null,"BDI                %",{"$nulls":5},{"$f":"1+$M$1","v":1.2279}]
[null,"TOTAL DO SERVIÇO - R$",{"$nulls":5},{"$f":"H154*H155","v":83.128830000000008}]
[]
[10,"CODEVASF",null,null," COMPOSIÇÃO DE PREÇO UNITÁRIO",null,null,null,{"$f":"H166","v":0.73},{"$f":"H168","v":0.89636700000000002}]
[null,"OBRA:  ",{"$f":"$C$2","v":"PAVIMENTAÇÃO EM BLOQUETE SEXTAVADOS - COMUNIDADE VILA DA RAPOSA - GAMELEIRAS / MG"},null,null,null,"DATA: ",{"$f":"$H$2","v":"SETEMBRO/2023"}]
[null,"SERVIÇO:  ",{"$f":"VLOOKUP(A158,ORÇAMENTO!$A$10:$I$27,3)","v":"TRANSPORTE COM CAMINHÃO BASCULANTE, EM VIA URBANA PAVIMENTADA"},null,"SINAPI",{"$f":"VLOOKUP(A158,ORÇAMENTO!$A$10:$I$27,4)","v":95427},"UNIDADE: ",{"$f":"VLOOKUP(A158,ORÇAMENTO!$A$10:$I$27,5)","v":"M3XKM"}]
[]
[null,"TIPO ITEM","CODIGO ITEM","DESCRIÇÃO ITEM","UNIDADE ITEM","COEFICIENTE","PRECO UNITARIO","CUSTO TOTAL"]
[null,"COMPOSICAO",89883,"CAMINHÃO BASCULANTE 18 M3, COM CAVALO MECÂNICO DE CAPACIDADE MÁXIMA DE TRAÇÃO COMBINADO DE 45000 KG, POTÊNCIA 330 CV, INCLUSIVE SEMIREBOQUE COM CAÇAMBA METÁLICA","CHP","0,0019000","348,45",{"$f":"ROUNDDOWN(F163*G163,2)","v":0.66}]
[null,"COMPOSICAO",89884,"CAMINHÃO BASCULANTE 18 M3, COM CAVALO MECÂNICO DE CAPACIDADE MÁXIMA DE TRAÇÃO COMBINADO DE 45000 KG, POTÊNCIA 330 CV, INCLUSIVE SEMIREBOQUE COM CAÇAMBA METÁLICA","CHI","0,0008000","93,65",{"$f":"ROUNDDOWN(F164*G164,2)","v":7.0000000000000007E-2}]
[null,"PRODUÇÃO DA EQUIPE",null,null,1,"CUSTO ",null,{"$f":"SUM(H163:H164)","v":0.73}]
[null,"TOTAL",{"$nulls":5},{"$f":"H165/E165","v":0.73},"OK"]
[null,"BDI                %",{"$nulls":5},{"$f":"1+$M$1","v":1.2279}]
[null,"TOTAL DO SERVIÇO - R$",{"$nulls":5},{"$f":"H166*H167","v":0.89636700000000002}]
[]
[10.5,"CODEVASF",null,null," COMPOSIÇÃO DE PREÇO UNITÁRIO",null,null,null,{"$f":"H178","v":2.25},{"$f":"H180","v":2.762775}]
[null,"OBRA:  ",{"$f":"$C$2","v":"PAVIMENTAÇÃO EM BLOQUETE SEXTAVADOS - COMUNIDADE VILA DA RAPOSA - GAMELEIRAS / MG"},null,null,null,"DATA: ",{"$f":"$H$2","v":"SETEMBRO/2023"}]
[null,"SERVIÇO:  ",{"$f":"VLOOKUP(A170,ORÇAMENTO!$A$10:$I$27,3)","v":"TRANSPORTE COM CAMINHÃO BASCULANTE, EM VIA COM REVESTIMENTO PRIMÁRIO"},null,"SINAPI",{"$f":"VLOOKUP(A170,ORÇAMENTO!$A$10:$I$27,4)","v":95425},"UNIDADE: ",{"$f":"VLOOKUP(A170,ORÇAMENTO!$A$10:$I$27,5)","v":"M3XKM"}]
[]
[null,"TIPO ITEM","CODIGO ITEM","DESCRIÇÃO ITEM","UNIDADE ITEM","COEFICIENTE","PRECO UNITARIO","CUSTO TOTAL"]
[null,"COMPOSICAO",89883,"CAMINHÃO BASCULANTE 18 M3, COM CAVALO MECÂNICO DE CAPACIDADE MÁXIMA DE TRAÇÃO COMBINADO DE 45000 KG, POTÊNCIA 330 CV, INCLUSIVE SEMIREBOQUE COM CAÇAMBA METÁLICA","CHP","0,0058000","348,45",{"$f":"ROUNDDOWN(F175*G175,2)","v":2.02}]
[null,"COMPOSICAO",89884,"CAMINHÃO BASCULANTE 18 M3, COM CAVALO MECÂNICO DE CAPACIDADE MÁXIMA DE TRAÇÃO COMBINADO DE 45000 KG, POTÊNCIA 330 CV, INCLUSIVE SEMIREBOQUE COM CAÇAMBA METÁLICA","CHI","0,0025000","93,65",{"$f":"ROUNDDOWN(F176*G176,2)","v":0.23}]
[null,"PRODUÇÃO DA EQUIPE",null,null,1,"CUSTO ",null,{"$f":"SUM(H175:H176)","v":2.25}]
[null,"TOTAL",{"$nulls":5},{"$f":"H177/E177","v":2.25},"OK"]
[null,"BDI                %",{"$nulls":5},{"$f":"1+$M$1","v":1.2279}]
[null,"TOTAL DO SERVIÇO - R$",{"$nulls":5},{"$f":"H178*H179","v":2.762775}]
[]
[11,"CODEVASF",null,null," COMPOSIÇÃO DE PREÇO UNITÁRIO",null,null,null,{"$f":"H191","v":0.84},{"$f":"H193","v":1.031436}]
[null,"OBRA:  ",{"$f":"$C$2","v":"PAVIMENTAÇÃO EM BLOQUETE SEXTAVADOS - COMUNIDADE VILA DA RAPOSA - GAMELEIRAS / MG"},null,null,null,"DATA: ",{"$f":"$H$2","v":"SETEMBRO/2023"}]
[null,"SERVIÇO:  ","TRANSPORTE COM CAMINHÃO CARROCERIA 9T, EM VIA URBANA PAVIMENTADA",null,"SINAPI",{"$f":"VLOOKUP(A182,ORÇAMENTO!$A$10:$I$27,4)","v":100948},"UNIDADE: ",{"$f":"VLOOKUP(A182,ORÇAMENTO!$A$10:$I$27,5)","v":"TXKM"}]
[]
[null,"TIPO ITEM","CODIGO ITEM","DESCRIÇÃO ITEM","UNIDADE ITEM","COEFICIENTE","PRECO UNITARIO","CUSTO TOTAL"]
[null,"COMPOSICAO",5824,"CAMINHÃO TOCO, PBT 16.000 KG, CARGA ÚTIL MÁX. 10.685 KG, DIST. ENTRE EIXOS 4,8 M, POTÊNCIA 189 CV, INCLUSIVE CARROCERIA FIXA ABERTA DE MADEIRA P/ TRANSPORTE GERAL DE CARGA SECA","CHP","0,0037000","202,74",{"$f":"ROUNDDOWN(F187*G187,2)","v":0.75}]
[null,"COMPOSICAO",5826,"CAMINHÃO TOCO, PBT 16.000 KG, CARGA ÚTIL MÁX. 10.685 KG, DIST. ENTRE EIXOS 4,8 M, POTÊNCIA 189 CV, INCLUSIVE CARROCERIA FIXA ABERTA DE MADEIRA P/ TRANSPORTE GERAL DE CARGA SECA","CHI","0,0016000","60,95",{"$f":"ROUNDDOWN(F188*G188,2)","v":0.09}]
[{"$nulls":7},{"$f":"F189*G189","v":0}]
[null,"PRODUÇÃO DA EQUIPE",null,null,1,"CUSTO ",null,{"$f":"SUM(H187:H189)","v":0.84}]
[null,"TOTAL",{"$nulls":5},{"$f":"H190/E190","v":0.84},"OK"]
[null,"BDI                %",{"$nulls":5},{"$f":"1+$M$1","v":1.2279}]
[null,"TOTAL DO SERVIÇO - R$",{"$nulls":5},{"$f":"H191*H192","v":1.031436}]
[]
[11.5,"CODEVASF",null,null," COMPOSIÇÃO DE PREÇO UNITÁRIO",null,null,null,{"$f":"H204","v":2.67},{"$f":"H206","v":3.2784930000000001}]
[null,"OBRA:  ",{"$f":"$C$2","v":"PAVIMENTAÇÃO EM BLOQUETE SEXTAVADOS - COMUNIDADE VILA DA RAPOSA - GAMELEIRAS / MG"},null,null,null,"DATA: ",{"$f":"$H$2","v":"SETEMBRO/2023"}]
[null,"SERVIÇO:  ","TRANSPORTE COM CAMINHÃO CARROCERIA 9T, EM VIA URBANA PAVIMENTADA",null,"SINAPI",{"$f":"VLOOKUP(A195,ORÇAMENTO!$A$10:$I$27,4)","v":100945},"UNIDADE: ",{"$f":"VLOOKUP(A195,ORÇAMENTO!$A$10:$I$27,5)","v":"TXKM"}]
[]
[null,"TIPO ITEM","CODIGO ITEM","DESCRIÇÃO ITEM","UNIDADE ITEM","COEFICIENTE","PRECO UNITARIO","CUSTO TOTAL"]
[null,"COMPOSICAO",5824,"CAMINHÃO TOCO, PBT 16.000 KG, CARGA ÚTIL MÁX. 10.685 KG, DIST. ENTRE EIXOS 4,8 M, POTÊNCIA 189 CV, INCLUSIVE CARROCERIA FIXA ABERTA DE MADEIRA P/ TRANSPORTE GERAL DE CARGA SECA","CHP","0,0117000","202,74",{"$f":"ROUNDDOWN(F200*G200,2)","v":2.37}]
[null,"COMPOSICAO",5826,"CAMINHÃO TOCO, PBT 16.000 KG, CARGA ÚTIL MÁX. 10.685 KG, DIST. ENTRE EIXOS 4,8 M, POTÊNCIA 189 CV, INCLUSIVE CARROCERIA FIXA ABERTA DE MADEIRA P/ TRANSPORTE GERAL DE CARGA SECA","CHI","0,0050000","60,95",{"$f":"ROUNDDOWN(F201*G201,2)","v":0.3}]
[{"$nulls":7},{"$f":"F202*G202","v":0}]
[null,"PRODUÇÃO DA EQUIPE",null,null,1,"CUSTO ",null,{"$f":"SUM(H200:H202)","v":2.67}]
[null,"TOTAL",{"$nulls":5},{"$f":"H203/E203","v":2.67},"OK"]
[null,"BDI                %",{"$nulls":5},{"$f":"1+$M$1","v":1.2279}]
[null,"TOTAL DO SERVIÇO - R$",{"$nulls":5},{"$f":"H204*H205","v":3.2784930000000001}]
[]
[13,"CODEVASF",null,null," COMPOSIÇÃO DE PREÇO UNITÁRIO",null,null,null,{"$f":"H223","v":47.859999999999992},{"$f":"H225","v":58.767293999999993}]
[null,"OBRA:  ",{"$f":"$C$2","v":"PAVIMENTAÇÃO EM BLOQUETE SEXTAVADOS - COMUNIDADE VILA DA RAPOSA - GAMELEIRAS / MG"},null,null,null,"DATA: ",{"$f":"$H$2","v":"SETEMBRO/2023"}]
[null,"SERVIÇO:  ",{"$f":"VLOOKUP(A208,ORÇAMENTO!$A$10:$I$27,3)","v":"GUIA (MEIO-FIO) E SARJETA CONJUGADOS DE CONCRETO, MOLDADA  IN LOCO  EM TRECHO RETO COM EXTRUSORA, 45 CM BASE (15 CM BASE DA GUIA + SARJETA (30 X 0,05))X 22 CM ALTURA"},null,"SINAPI",{"$f":"VLOOKUP(A208,ORÇAMENTO!$A$10:$I$27,4)","v":94267},"UNIDADE: ",{"$f":"VLOOKUP(A208,ORÇAMENTO!$A$10:$I$27,5)","v":"M"}]
[]
[null,"TIPO ITEM","CODIGO ITEM","DESCRIÇÃO ITEM","UNIDADE ITEM","COEFICIENTE","PRECO UNITARIO","CUSTO TOTAL"]
[null,"INSUMO",370,"AREIA MEDIA - POSTO JAZIDA/FORNECEDOR (RETIRADO NA JAZIDA, SEM TRANSPORTE)","M3","0,0150000","97,50",{"$f":"ROUNDDOWN(F213*G213,2)","v":1.46}]
[null,"INSUMO",34492,"CONCRETO USINADO BOMBEAVEL, CLASSE DE RESISTENCIA C20, COM BRITA 0 E 1","M3",{"$f":"(0.15+0.13)*0.22 /2 + (0.3 *0.05)","v":4.5800000000000007E-2},"550,00",25.19]
[null,"COMPOSICAO",88243,"AJUDANTE ESPECIALIZADO COM ENCARGOS COMPLEMENTARES","H","0,1090000","21,76",2.37]
[null,"COMPOSICAO",88309,"PEDREIRO COM ENCARGOS COMPLEMENTARES","H","0,2440000","27,45",6.69]
[null,"COMPOSICAO",88316,"SERVENTE COM ENCARGOS COMPLEMENTARES","H","0,4870000","19,76",9.6199999999999992]
[null,"COMPOSICAO",88631,"ARGAMASSA TRAÇO 1:4 (EM VOLUME DE CIMENTO E AREIA MÉDIA ÚMIDA), PREPARO MANUAL","M3","0,0030000","575,87",1.72]
[null,"COMPOSICAO",92960,"MÁQUINA EXTRUSORA DE CONCRETO PARA GUIAS E SARJETAS, MOTOR A DIESEL, POTÊNCIA 14 CV","CHP","0,0180000","18,46",0.33]
[null,"COMPOSICAO",92961,"MÁQUINA EXTRUSORA DE CONCRETO PARA GUIAS E SARJETAS, MOTOR A DIESEL, POTÊNCIA 14 CV","CHI","0,0910000","5,38",0.48]
[]
[null,"PRODUÇÃO DA EQUIPE",null,null,1,"CUSTO ",null,{"$f":"SUM(H213:H221)","v":47.859999999999992}]
[null,"TOTAL",{"$nulls":5},{"$f":"H222/E222","v":47.859999999999992},"OK"]
[null,"BDI                %",{"$nulls":5},{"$f":"1+$M$1","v":1.2279}]
[null,"TOTAL DO SERVIÇO - R$",{"$nulls":5},{"$f":"H223*H224","v":58.767293999999993}]
[]
[14,"CODEVASF",null,null," COMPOSIÇÃO DE PREÇO UNITÁRIO",null,null,null,{"$f":"H242","v":35.64},{"$f":"H244","v":43.762355999999997}]
[null,"OBRA:  ",{"$f":"$C$2","v":"PAVIMENTAÇÃO EM BLOQUETE SEXTAVADOS - COMUNIDADE VILA DA RAPOSA - GAMELEIRAS / MG"},null,null,null,"DATA: ",{"$f":"$H$2","v":"SETEMBRO/2023"}]
[null,"SERVIÇO:  ",{"$f":"VLOOKUP(A227,ORÇAMENTO!$A$10:$I$31,3)","v":"GUIA (MEIO-FIO) CONCRETO, MOLDADA IN LOCO EM TRECHO RETO (PARA TRAVAMENTO), 13 CM BASE X 22 CM ALTURA"},null,"SINAPI",{"$f":"VLOOKUP(A227,ORÇAMENTO!$A$10:$I$31,4)","v":94263},"UNIDADE: ",{"$f":"VLOOKUP(A227,ORÇAMENTO!$A$10:$I$31,5)","v":"M"}]
[]
[null,"TIPO ITEM","CODIGO ITEM","DESCRIÇÃO ITEM","UNIDADE ITEM","COEFICIENTE","PRECO UNITARIO","CUSTO TOTAL"]
[null,"INSUMO","370","AREIA MEDIA - POSTO JAZIDA/FORNECEDOR (RETIRADO NA JAZIDA, SEM TRANSPORTE)","M3","0,0070000","97,50",{"$f":"ROUNDDOWN(F232*G232,2)","v":0.68}]
[null,"INSUMO","34492","CONCRETO USINADO BOMBEAVEL, CLASSE DE RESISTENCIA C20, COM BRITA 0 E 1","M3","0,0300000","550,00",16.5]
[null,"COMPOSICAO","88243","AJUDANTE ESPECIALIZADO COM ENCARGOS COMPLEMENTARES","H","0,0870000","21,76",1.89]
[null,"COMPOSICAO","88309","PEDREIRO COM ENCARGOS COMPLEMENTARES","H","0,2210000","27,45",6.06]
[null,"COMPOSICAO","88316","SERVENTE COM ENCARGOS COMPLEMENTARES","H","0,4420000","19,76",8.73]
[null,"COMPOSICAO","88631","ARGAMASSA TRAÇO 1:4 (EM VOLUME DE CIMENTO E AREIA MÉDIA ÚMIDA), PREPARO MANUAL","M3","0,0020000","575,87",1.1499999999999999]
[null,"COMPOSICAO","92960","MÁQUINA EXTRUSORA DE CONCRETO PARA GUIAS E SARJETAS, MOTOR A DIESEL, POTÊNCIA 14 CV","CHP","0,0140000","18,46",0.25]
[null,"COMPOSICAO","92961","MÁQUINA EXTRUSORA DE CONCRETO PARA GUIAS E SARJETAS, MOTOR A DIESEL, POTÊNCIA 14 CV","CHI","0,0720000","5,38",0.38]
[]
[null,"PRODUÇÃO DA EQUIPE",null,null,1,"CUSTO ",null,{"$f":"SUM(H232:H240)","v":35.64}]
[null,"TOTAL",{"$nulls":5},{"$f":"H241/E241","v":35.64},"OK"]
[null,"BDI                %",{"$nulls":5},{"$f":"1+$M$1","v":1.2279}]
[null,"TOTAL DO SERVIÇO - R$",{"$nulls":5},{"$f":"H242*H243","v":43.762355999999997}]
[]
[15,"CODEVASF",null,null," COMPOSIÇÃO DE PREÇO UNITÁRIO",null,null,null,{"$f":"H260","v":386.98},{"$f":"H262","v":475.17274200000003}]
[null,"OBRA:  ",{"$f":"$C$2","v":"PAVIMENTAÇÃO EM BLOQUETE SEXTAVADOS - COMUNIDADE VILA DA RAPOSA - GAMELEIRAS / MG"},null,null,null,"DATA: ",{"$f":"$H$2","v":"SETEMBRO/2023"}]
[null,"SERVIÇO:  ",{"$f":"VLOOKUP(A246,ORÇAMENTO!$A$10:$I$31,3)","v":"FORNECIMENTO E INSTALAÇÃO DE PLACA DE SINALIZAÇÃO VIÁRIA - REGULAMENTAÇÃO 0,60MX0,60M, SUPORTE INCLUSO"},null,"SINAPI",{"$f":"VLOOKUP(A246,ORÇAMENTO!$A$10:$I$31,4)","v":"CPU.4"},"UNIDADE: ",{"$f":"VLOOKUP(A246,ORÇAMENTO!$A$10:$I$31,5)","v":"UNID."}]
[]
[null,"TIPO ITEM","CODIGO ITEM","DESCRIÇÃO ITEM","UNIDADE ITEM","COEFICIENTE","PRECO UNITARIO","CUSTO TOTAL"]
[null,"COMPOSICAO",94962,"CONCRETO MAGRO PARA LASTRO, TRAÇO 1:4,5:4,5 (EM MASSA SECA DE CIMENTO/ AREIA MÉDIA/ BRITA 1)","M3",2.4E-2,"402,82",{"$f":"ROUNDDOWN(F251*G251,2)","v":9.66}]
[null,"COMPOSICAO",93358,"ESCAVAÇÃO MANUAL DE VALA COM PROFUNDIDADE MENOR OU IGUAL A 1,30 M","M3",2.4E-2,"78,17",1.87]
[null,"COMPOSICAO",88309,"PEDREIRO COM ENCARGOS COMPLEMENTARES","H",0.2,"27,45",5.49]
[null,"COMPOSICAO",88316,"SERVENTE COM ENCARGOS COMPLEMENTARES","H",1,"19,76",19.760000000000002]
[null,"COMPOSICAO",103670,"LANÇAMENTO COM USO DE BALDES, ADENSAMENTO E ACABAMENTO DE CONCRETO EM ESTRUTURAS","M3",2.4E-2,"281,78",6.76]
[null,"INSUMO",34723,"PLACA DE SINALIZACAO EM CHAPA DE ACO NUM 16 COM PINTURA REFLETIVA (CIRCULAR - D=50CM) ","M2",0.2,"577,50",115.5]
[null,"INSUMO",21013,"TUBO AÇO GALVANIZADO COM COSTURA, CLASSE LEVE, DN 50 MM ( 2\")E = 3,00 MM, *4,40* KG/M (NBR 5580)","M",3,"75,98",227.94]
[]
[null,"PRODUÇÃO DA EQUIPE",null,null,1,"CUSTO ",null,{"$f":"SUM(H251:H258)","v":386.98}]
[null,"TOTAL",{"$nulls":5},{"$f":"H259/E259","v":386.98},"OK"]
[null,"BDI                %",{"$nulls":5},{"$f":"1+$M$1","v":1.2279}]
[null,"TOTAL DO SERVIÇO - R$",{"$nulls":5},{"$f":"H260*H261","v":475.17274200000003}]
[]
[16,"CODEVASF",null,null," COMPOSIÇÃO DE PREÇO UNITÁRIO",null,null,null,{"$f":"H279","v":353.98},{"$f":"H281","v":434.65204199999999}]
[null,"OBRA:  ",{"$f":"$C$2","v":"PAVIMENTAÇÃO EM BLOQUETE SEXTAVADOS - COMUNIDADE VILA DA RAPOSA - GAMELEIRAS / MG"},null,null,null,"DATA: ",{"$f":"$H$2","v":"SETEMBRO/2023"}]
[null,"SERVIÇO:  ",{"$f":"VLOOKUP(A264,ORÇAMENTO!$A$10:$I$31,3)","v":"FORNECIMENTO E INSTALAÇÃO DE PLACA DE IDENTIFICAÇÃO DE LOGRADOURO, SUPORTE INCLUSO - CONFORME PROJETO"},null,"SINAPI",{"$f":"VLOOKUP(A264,ORÇAMENTO!$A$10:$I$31,4)","v":"CPU.5"},"UNIDADE: ",{"$f":"VLOOKUP(A264,ORÇAMENTO!$A$10:$I$31,5)","v":"UNID."}]
[]
[null,"TIPO ITEM","CODIGO ITEM","DESCRIÇÃO ITEM","UNIDADE ITEM","COEFICIENTE","PRECO UNITARIO","CUSTO TOTAL"]
[null,"COMPOSICAO",94962,"CONCRETO MAGRO PARA LASTRO, TRAÇO 1:4,5:4,5 (EM MASSA SECA DE CIMENTO/ AREIA MÉDIA/ BRITA 1)","M3",2.4E-2,"402,82",{"$f":"ROUNDDOWN(F269*G269,2)","v":9.66}]
[null,"COMPOSICAO",93358,"ESCAVAÇÃO MANUAL DE VALA COM PROFUNDIDADE MENOR OU IGUAL A 1,30 M","M3",2.4E-2,"78,17",1.87]
[null,"COMPOSICAO",88309,"PEDREIRO COM ENCARGOS COMPLEMENTARES","H",0.2,"27,45",5.49]
[null,"COMPOSICAO",88316,"SERVENTE COM ENCARGOS COMPLEMENTARES","H",1,"19,76",19.760000000000002]
[null,"COMPOSICAO",103670,"LANÇAMENTO COM USO DE BALDES, ADENSAMENTO E ACABAMENTO DE CONCRETO EM ESTRUTURAS","M3",2.4E-2,"281,78",6.76]
[null,"INSUMO",13521,"PLACA DE IDENTIFICAÇÃO DE RUA EM CHAPA DE ACO NUM 16 COM PINTURA REFLETIVA ","UNID.",1,"82,50",82.5]
[null,"INSUMO",21013,"TUBO AÇO GALVANIZADO COM COSTURA, CLASSE LEVE, DN 50 MM ( 2\")E = 3,00 MM, *4,40* KG/M (NBR 5580)","M",3,"75,98",227.94]
[{"$nulls":7},0]
[]
[null,"PRODUÇÃO DA EQUIPE",null,null,1,"CUSTO ",null,{"$f":"SUM(H269:H277)","v":353.98}]
[null,"TOTAL",{"$nulls":5},{"$f":"H278/E278","v":353.98},"OK"]
[null,"BDI                %",{"$nulls":5},{"$f":"1+$M$1","v":1.2279}]
[null,"TOTAL DO SERVIÇO - R$",{"$nulls":5},{"$f":"H279*H280","v":434.65204199999999}]

{"sheet":"BDI SERV","index":2,"n_rows":36,"n_cols":8,"rows_kept":36,"cut":false,"hidden":false,"merged":[[7,7,17,12],[35,0,35,5],[3,1,4,1],[3,2,4,2],[0,1,2,4],[31,0,33,5],[27,0,27,5],[29,1,29,2],[30,1,30,2]]}
[null,"DETALHAMENTO DO BDI - SERVIÇOS"]
[]
[{"$nulls":7}," "]
[null,"Item","Descrição dos Serviços","%","%"]
[null,null,null,"PV","CD"]
[]
[null,1,"ADMINISTRAÇÃO CENTRAL"," ",4.01]
[null,"1.1","ESCRITÓRIO CENTRAL"," "," "]
[null,"1.2","VIAGENS"," "," "]
[null,"1.3","OUTROS"," "," "]
[null," "," "," "," "]
[null,2,"IMPOSTOS E TAXAS",{"$f":"SUM(D13:D15)","v":6.65},{"$f":"SUM(E13:E15)","v":8.31}]
[null,"2.1","ISS (*)",{"$f":"5*0.6","v":3},{"$f":"ROUND(D13*1.2515,2)","v":3.75}]
[null,"2.2","PIS",0.65,{"$f":"ROUND(D14*1.2515,2)","v":0.81}]
[null,"2.3","Cofins",3,{"$f":"ROUND(D15*1.2515,2)","v":3.75}]
[]
[null,3,"TAXA DE RISCO"," ",{"$f":"SUM(E18:E21)","v":0.96}]
[null,"3.1","SEGURO",null,0.2]
[null,"3.2","RISCO",null,0.56000000000000005]
[null,"3.3","GARANTIA",null,0.2]
[]
[null,4,"DESPESAS FINANCEIRAS"," ",1.1100000000000001]
[]
[null,5,"LUCRO",null,8]
[]
[null," ","BDI - CALCULADO"," ",{"$f":"ROUND((((1+(E7+E17)/100)*(1+E22/100)*(1+E24/100)/(1-D12/100)-1)*100),2)","v":22.79}]
[]
["BDI = ((1+((AC+S+R+G)/100))x(1+DF/100)x(1+L/100)/(1-I/100)-1)*100"]
[]
[null,"BDI (CALCULADO):",null,{"$f":"ROUND((((1+((E7+E17)/100))*(1+E22/100)*(1+E24/100))/(1-D12/100)-1)*100,2)","v":22.79},"%"]
[null," "]
["(*) ISS CONFORME LEI MUNICIPAL Nº 196 / 2006, APLICANDO-SE A DEDUÇÃO DOS MATERIAIS PREVISTA NO §2º DO ART.106 - QUANTIDADE ESTIMADA DE MATERIAIS: 40%"]
[]
[]
[" "]
["BDI EM CONFORMIDADE COM OS ACÓRDÃOS Nº 2369/2011 e ACÓRDÃO Nº 2.622/2013 - TCU - PLENÁRIO"]

{"sheet":"CRONOGRAMA","index":3,"n_rows":17,"n_cols":10,"rows_kept":17,"cut":false,"hidden":false,"merged":[[13,1,14,2],[16,1,20,9],[7,2,8,2],[9,2,10,2],[11,2,12,2],[7,1,8,1],[9,1,10,1],[11,1,12,1],[7,0,8,0],[9,0,10,0],[11,0,12,0],[0,1,0,9],[1,6,1,9],[2,6,2,9],[3,1,3,6],[5,0,6,0],[5,2,6,2],[1,1,2,1],[5,1,6,1],[1,2,2,4]]}
[null,"CRONOGRAMA FÍSICO-FINANCEIRO"]
[null,"OBRA: ",{"$f":"ORÇAMENTO!C5","v":"PAVIMENTAÇÃO EM BLOQUETE SEXTAVADOS - COMUNIDADE VILA DA RAPOSA - GAMELEIRAS / MG"},null,null,"VALOR:",{"$f":"ORÇAMENTO!I31","v":1373671.8900000001}]
[{"$nulls":5},"PRAZO: ","120 DIAS "]
[]
[null,"ITEM","ETAPAS/DESCRIÇAO","FISICO/  FINANCEIRO","TOTAL    ETAPAS","MÊS 1","MÊS 2","MÊS 3","MÊS 4","TOTAL"]
["A",{"$f":"VLOOKUP(A6,ORÇAMENTO!$A$9:$I$31,2)","v":1},{"$f":"VLOOKUP(A6,ORÇAMENTO!$A$9:$I$31,3)","v":"SERVIÇOS PRELIMINARES "},"FISICO ",{"$f":"ROUND(E7/$G$2,4)","v":5.9200000000000003E-2},0.4,0.15,0.15,0.3,{"$f":"SUM(F6:I6)","v":1}]
[null,null,null,"FINANCEIRO",{"$f":"ORÇAMENTO!I9","v":81271.01999999999},{"$f":"ROUND($E$7*F6,2)","v":32508.41},{"$f":"ROUND($E$7*G6,2)","v":12190.65},{"$f":"ROUND($E$7*H6,2)","v":12190.65},{"$f":"ROUND($E$7*I6,2)","v":24381.31},81271.02]
["B",{"$f":"VLOOKUP(A8,ORÇAMENTO!$A$9:$I$31,2)","v":2},{"$f":"VLOOKUP(A8,ORÇAMENTO!$A$9:$I$31,3)","v":"PAVIMENTAÇÃO"},"FISICO ",{"$f":"ROUND(E9/$G$2,4)","v":0.49690000000000001},0.25,0.3,0.3,0.15,1]
[null,null,null,"FINANCEIRO",{"$f":"ORÇAMENTO!I15","v":682604.22},{"$f":"ROUND($E$9*F8,2)","v":170651.06},{"$f":"ROUND($E$9*G8,2)","v":204781.27},{"$f":"ROUND($E$9*H8,2)","v":204781.27},{"$f":"ROUND($E$9*I8,2)","v":102390.63},682604.23]
["C",{"$f":"VLOOKUP(A10,ORÇAMENTO!$A$9:$I$31,2)","v":3},{"$f":"VLOOKUP(A10,ORÇAMENTO!$A$9:$I$31,3)","v":"TRANSPORTE DE MATERIAIS"},"FISICO ",{"$f":"ROUND(E11/$G$2,4)","v":0.32919999999999999},0.3,0.25,0.25,0.2,1]
[null,null,null,"FINANCEIRO",{"$f":"ORÇAMENTO!I21","v":452174.19000000006},{"$f":"ROUND($E$11*F10,2)","v":135652.26},{"$f":"ROUND($E$11*G10,2)","v":113043.55},{"$f":"ROUND($E$11*H10,2)","v":113043.55},{"$f":"ROUND($E$11*I10,2)","v":90434.84},452174.19999999995]
["D",{"$f":"VLOOKUP(A12,ORÇAMENTO!$A$9:$I$31,2)","v":4},{"$f":"VLOOKUP(A12,ORÇAMENTO!$A$9:$I$31,3)","v":"DRENAGEM E OBRAS COMPLEMENTARES"},"FISICO ",{"$f":"ROUND(E13/$G$2,4)","v":0.1147},null,0.25,0.3,0.45,1]
[null,null,null,"FINANCEIRO",{"$f":"ORÇAMENTO!I26","v":157622.45999999996},{"$f":"ROUND($E$13*F12,2)","v":0},{"$f":"ROUND($E$13*G12,2)","v":39405.61},{"$f":"ROUND($E$13*H12,2)","v":47286.74},{"$f":"ROUND($E$13*I12,2)","v":70930.11},157622.46000000002]
[null,"TOTAL",null,"FISICO ",{"$f":"SUM(F14:H14)","v":0.79024330912092833},{"$f":"F15/E15","v":0.24664676657247456},{"$f":"G15/$E$15","v":0.2689296350091287},{"$f":"H15/$E$15","v":0.2746669075393251},{"$f":"I15/$E$15","v":0.20975670543858912},1.0000000145595174]
[null,null,null,"FINANCEIRO",{"$f":"E11+E9+E7+E13","v":1373671.8900000001},{"$f":"F11+F9+F7+F13","v":338811.73},{"$f":"G11+G9+G7+G13","v":369421.08},{"$f":"H11+H9+H7+H13","v":377302.21},{"$f":"I11+I9+I7+I13","v":288136.89},{"$f":"ROUNDUP(SUM(F15:I15),2)-0.02","v":1373671.89}]
[]
[null,"OBSERVAÇÕES:"]